Central Library OPAC University of Rajshahi

The passage problem for a stationary Markov chain / (Record no. 6790)

MARC details
000 -LEADER
fixed length control field 00834nam a22002771 4500
001 - CONTROL NUMBER
control field 6790
003 - CONTROL NUMBER IDENTIFIER
rucl marc code BD-RjUL
005 - DATE AND TIME OF LATEST TRANSACTION
control field 20211208234320.0
008 - FIXED-LENGTH DATA ELEMENTS--GENERAL INFORMATION
fixed length control field 120114s1961 ilu b 001 0 eng d
035 ## - SYSTEM CONTROL NUMBER
System control number (BD-RjUL)6832
040 ## - CATALOGING SOURCE
Original cataloging agency DLC/ICU
Transcribing agency ICU
Modifying agency DLC
-- BD-RjUL
Language of cataloging eng
041 ## - LANGUAGE CODE
Language code of text/sound track or separate title eng
082 00 - DEWEY DECIMAL CLASSIFICATION NUMBER
Classification number 519.1
Author mark and year KEP 1961
100 1# - MAIN ENTRY--PERSONAL NAME
Personal name Kemperman, Johannes Henricus Bernardus.
9 (RLIN) 21346
245 14 - TITLE STATEMENT
Title The passage problem for a stationary Markov chain /
260 ## - PUBLICATION, DISTRIBUTION, ETC. (IMPRINT)
Place of publication, distribution, etc. Chicago ;
Name of publisher, distributor, etc. University of Chicago Press ,
Date of publication, distribution, etc. c1961
300 ## - PHYSICAL DESCRIPTION
Pagination 127 p.
Size 24 cm.
490 1# - SERIES STATEMENT
Series statement Statistical research monographs,
Volume/sequential designation v. 1
504 ## - BIBLIOGRAPHY, ETC. NOTE
Bibliography, etc Bibliography: p. 122-124.
650 #0 - SUBJECT ADDED ENTRY--TOPICAL TERM
Topical term or geographic name as entry element Markov processes.
9 (RLIN) 20601
830 #0 - SERIES ADDED ENTRY--UNIFORM TITLE
Volume number/sequential designation v. 1.
Uniform title Statistical research monographs ;
942 ## - ADDED ENTRY ELEMENTS (KOHA)
Source of classification or shelving scheme Dewey Decimal Classification
Koha item type Books
Holdings
Lost status Source of classification or shelving scheme Materials specified (bound volume or other part) Damaged status Not for loan Collection code Permanent Location Current Location Shelving location Date acquired Source of acquisition Cost, normal purchase price Total Checkouts Full call number Date last seen Copy number Koha item type
  Dewey Decimal Classification V-1   Not For Loan Non-fiction Central Library, University of Rajshahi Central Library, University of Rajshahi   31/03/1964 Zitlinger 42.00   519.1 KEP 1961 12/01/2014 C-1 Books